Cyber bahuswaravayanakal/ (Record no. 181925)

000 -LEADER
fixed length control field 00417nam a22001577a 4500
020 ## - INTERNATIONAL STANDARD BOOK NUMBER
ISBN 9788196176662
082 ## - DEWEY DECIMAL CLASSIFICATION NUMBER
Classification number M 003.5
Item number SAJ/C
245 ## - TITLE STATEMENT
Title Cyber bahuswaravayanakal/
Statement of responsibility, etc by Saji Karingola (ed.)
250 ## - EDITION STATEMENT
Edition statement 3rd ed.
260 ## - PUBLICATION, DISTRIBUTION, ETC. (IMPRINT)
Place of publication Kozhikode:
Name of publisher Pavanatma Publishers,
Year of publication 2023.
300 ## - PHYSICAL DESCRIPTION
Number of Pages 262p.
650 ## - SUBJECT ADDED ENTRY--TOPICAL TERM
Topical Term Information Technology
650 ## - SUBJECT ADDED ENTRY--TOPICAL TERM
Topical Term Computer Sciences
700 ## - ADDED ENTRY--PERSONAL NAME
Personal name Saji Karingola (ed.)
942 ## - ADDED ENTRY ELEMENTS (KOHA)
Koha item type Book
Holdings
Withdrawn status Lost status Damaged status Not for loan Permanent Location Current Location Shelving location Date acquired Cost, normal purchase price Full call number Accession Number Price effective from Koha item type
        Sree Sankaracharya University of Sanskrit Sree Sankaracharya University of Sanskrit Stacks 02.06.2026 520.00 M 003.5 SAJ/C 109059 02.06.2026 Book